Maine Counties - Sudden Death - Statistics

General Stats
  • This quiz has been taken 35 times
  • The average score is 14 of 16
Answers on the Grid
Answers color-coded by a green-red scale on the quiz's grid according to % correct below.
Androscoggin
Aroostook
Cumberland
Franklin
Hancock
Kennebec
Knox
Lincoln
Oxford
Penobscot
Piscataquis
Sagadahoc
Somerset
Waldo
Washington
York
Chamberlain
Jackson
Jefferson
Van Buren
Portland
Hampden
Maliseet
King
Baxter
Moosehead
Augusta
Dover
Merrimack
Madison
Hannibal
Cohen
 
Answer Stats
Answer % Correct
Cumberland
95%
Androscoggin
90%
Aroostook
90%
Kennebec
90%
Oxford
90%
Piscataquis
90%
York
90%
Hancock
85%
Penobscot
85%
Waldo
85%
Knox
80%
Sagadahoc
80%
Somerset
80%
Washington
80%
Franklin
75%
Lincoln
75%
No matching quizzes found
Score Distribution
Percent of People with Each Score
Percentile by Number Answered
Your Score History
You have not taken this quiz